000
00283nam a2200133Ia 4500
100
_a
Merchant/Minhaz
650
_a
General
942
_c
BK
654
_a
birla
245
_a
Aditya Vikram Birla:A Biography
260
_b
Viking
_c
1997
082
_a
920/MER
_b
MER
546
_a
ENGLISH
999
_c
32475
_d
32475